| 000 | 00922cam a22002293a 4500 | ||
|---|---|---|---|
| 001 | 19031 | ||
| 003 | PGUSA | ||
| 005 | 20140828083414.0 | ||
| 008 | 060812s2006||||xxu|||||s|||||000 | eng d | ||
| 040 |
_aPGUSA _beng |
||
| 042 | _adc | ||
| 050 | 4 | _aTX | |
| 100 | 1 |
_aAccum, Friedrich Christian, _d1769-1838 |
|
| 245 | 1 | 2 |
_aA Treatise on Adulterations of Food, and Culinary Poisons : _bExhibiting the Fraudulent Sophistications of Bread, Beer, Wine, Spiritous Liquors, Tea, Coffee, Cream, Confectionery, Vinegar, Mustard, Pepper, Cheese, Olive Oil, Pickles, and Other Articles Employed in Domestic Economy _h[electronic resource] / _cFriedrich Christian Accum |
| 260 |
_bProject Gutenberg, _c2006 |
||
| 506 | _aPublic domain in the USA. | ||
| 516 | _aElectronic text | ||
| 653 | _aFood adulteration and inspection | ||
| 830 | 0 |
_aProject Gutenberg _v19031 |
|
| 856 | 4 | 0 | _uhttp://www.gutenberg.org/ebooks/19031 |
| 942 | _cEB | ||
| 999 |
_c248286 _d248286 |
||